The dawning of a new era for contaminated land? (Record no. 60489)
[ view plain ]
| 000 -LEADER | |
|---|---|
| fixed length control field | 00811cam a2200205 4500 |
| 001 - CONTROL NUMBER | |
| control field | ABS60836 |
| 008 - FIXED-LENGTH DATA ELEMENTS--GENERAL INFORMATION | |
| fixed length control field | 000000n1999 000 0 eng u |
| 035 ## - SYSTEM CONTROL NUMBER | |
| System control number | (Sirsi) u101342 |
| 100 ## - MAIN ENTRY--PERSONAL NAME | |
| Personal name | Waters, J. |
| 245 #4 - TITLE STATEMENT | |
| Title | The dawning of a new era for contaminated land? |
| 260 ## - PUBLICATION, DISTRIBUTION, ETC. | |
| Date of publication, distribution, etc. | 1999 |
| 490 ## - SERIES STATEMENT | |
| Series statement | Wastes Management |
| Volume/sequential designation | May 1999, 46-47(2) |
| 520 ## - SUMMARY, ETC. | |
| Summary, etc. | Outlines the key elements of the proposed guidance on contaminated land which is due for publication by government this year. Discusses who will be responsible for paying for investigation and remediation work under the new regime, and the waste management licensing scheme. |
| 650 ## - SUBJECT ADDED ENTRY--TOPICAL TERM | |
| Topical term or geographic name entry element | CONTAMINATED LAND |
| 650 ## - SUBJECT ADDED ENTRY--TOPICAL TERM | |
| Topical term or geographic name entry element | BROWNFIELD SITES |
| 650 ## - SUBJECT ADDED ENTRY--TOPICAL TERM | |
| Topical term or geographic name entry element | GREENFIELD SITES |
| 650 ## - SUBJECT ADDED ENTRY--TOPICAL TERM | |
| Topical term or geographic name entry element | WASTE MANAGEMENT |
| 690 ## - LOCAL SUBJECT ADDED ENTRY--TOPICAL TERM (OCLC, RLIN) | |
| Topical term or geographic name as entry element | PLANNING LAW AND PRACTICE |
| 942 ## - ADDED ENTRY ELEMENTS (KOHA) | |
| Suppress in OPAC | 0 |
| Withdrawn status | Lost status | Source of classification or shelving scheme | Damaged status | Not for loan | Home library | Current library | Shelving location | Date acquired | Total Checkouts | Full call number | Barcode | Date last seen | Copy number | Price effective from | Koha item type |
|---|---|---|---|---|---|---|---|---|---|---|---|---|---|---|---|
| Dewey Decimal Classification | London | London | Journal article | 03/11/1999 | ABS60836 | 101342-1001 | 06/08/2019 | 1 | 06/08/2019 | Journal article |